Hệ thống điện truyền tải và phân phối /
Nội dung trình bày các vấn đề chính của hệ thống điện trong chế độ xác lập bao gồm:
Đã lưu trong:
| 主要作者: | |
|---|---|
| 格式: | 圖書 |
| 語言: | Vietnamese |
| 出版: |
Tp.HCM :
Đại học Quốc gia TP. HCM ,
2005
|
| 版: | Tái bản lần thứ 2 |
| 主題: | |
| 標簽: |
添加標簽
沒有標簽, 成為第一個標記此記錄!
|
| Thư viện lưu trữ: | Thư viện Trường CĐ Kỹ Thuật Cao Thắng |
|---|
| LEADER | 01548nam a2200325 a 4500 | ||
|---|---|---|---|
| 001 | TVCDKTCT8018 | ||
| 003 | Thư viện trường Cao đẳng Kỹ thuật Cao Thắng | ||
| 005 | 20070731000000 | ||
| 008 | 070731 | ||
| 980 | \ | \ | |a Thư viện Trường CĐ Kỹ Thuật Cao Thắng |
| 024 | |a RG_1 #1 eb0 i1 i5 | ||
| 041 | 0 | # | |a vie |
| 082 | # | # | |a 621.319 / |b H450H-h |
| 100 | 1 | # | |a Hồ Văn Hiến |
| 245 | 0 | 0 | |a Hệ thống điện truyền tải và phân phối / |c Hồ Văn Hiến |
| 250 | # | # | |a Tái bản lần thứ 2 |
| 260 | # | # | |a Tp.HCM : |b Đại học Quốc gia TP. HCM , |c 2005 |
| 300 | # | # | |a 649tr. ; |c 27 |
| 520 | # | # | |a Nội dung trình bày các vấn đề chính của hệ thống điện trong chế độ xác lập bao gồm: |
| 520 | # | # | |a - Thông số đường dây, mô hình và tính toán vận hành đường dây. |
| 520 | # | # | |a - Khảo sát phân bố công suất |
| 520 | # | # | |a - Tính toán mạng phân phối |
| 520 | # | # | |a - Tổn thất điện năng và giảm tổn thất điện năng |
| 520 | # | # | |a - Điều chỉnh điện áp trong hệ thống điện |
| 520 | # | # | |a - Vận hành kinh tế trong hệ thống |
| 520 | # | # | |a - Xác định phụ tải điện |
| 520 | # | # | |a - Truyền tải điện một chiều cao áp |
| 650 | # | 4 | |a Điện |
| 650 | # | 4 | |a Hệ thống điện--Truyền tải |
| 650 | # | 4 | |a Hệ thống điện--Phân phối |